Sports Quiz

Random Sports Quiz

AAA Triplemania Cards (Triplemania I-III) Quiz Stats

 Plays Quiz not verified by Sporcle

Challenge
Share
Tweet
Embed
Score 0/289 Timer 15:00
0 Plays Today
% Correct
Konnan
85.7%
Konnan
85.7%
Eddie Guerrero
85.7%
Micro Konnan
85.7%
Eddie Guerrero
85.7%
Konnan
85.7%
Konnan
85.7%
Konnan
85.7%
Konnan
85.7%
Konnan
85.7%
Love Machine
81%
Love Machine
81%
Shu el Guerrero
81%
Love Machine
81%
Love Machine
81%
La Parka
76.2%
La Parka
76.2%
La Parka
76.2%
La Parka
76.2%
La Parka
76.2%
La Parka
76.2%
Perro Aguayo Jr
71.4%
Fuerza Guerrera
66.7%
Rey Misterio Jr
66.7%
Fuerza Guerrera
66.7%
Juventud Guerrera
66.7%
Rey Misterio Jr
66.7%
Fuerza Guerrera
66.7%
Juventud Guerrera
66.7%
Rey Misterio Jr
66.7%
Fuerza Guerrera
66.7%
Juventud Guerrera
66.7%
Rey Misterio Jr
66.7%
Fuerza Guerrera
66.7%
Rey Misterio Jr
66.7%
Fuerza Guerrera
66.7%
Villano III
61.9%
Fuercito Guerrera
61.9%
Villano IV
61.9%
Villano III
61.9%
Fuercita Guerrera
61.9%
Fuercita Guerrera
61.9%
Fuercita Guerrera
61.9%
Rey Mysterio Jr
57.1%
Octagon
57.1%
Perro Aguayo
57.1%
El Hijo del Santo
57.1%
Mascara Sagrada
57.1%
Psicosis
57.1%
Lizmark Jr
57.1%
Mascara Sagrada
57.1%
Perro Aguayo
57.1%
El Hijo del Santo
57.1%
Octagon
57.1%
El Hijo del Santo
57.1%
Psicosis
57.1%
Octagon
57.1%
Jake Roberts
57.1%
Mascara Sagrada
57.1%
Perro Aguayo
57.1%
Octagon
57.1%
Lizmark Jr
57.1%
Perro Aguayo
57.1%
Jake Roberts
57.1%
El Hijo del Santo
57.1%
Psicosis
57.1%
Mascara Sagrada
57.1%
Villano I
57.1%
Perro Aguayo
57.1%
Pentagon
57.1%
Octagon
57.1%
El Hijo del Santo
57.1%
Pentagon
57.1%
Octagon
57.1%
Psicosis
57.1%
Perro Aguayo
57.1%
Pentagon
57.1%
Octagon
57.1%
El Hijo del Santo
57.1%
Psicosis
57.1%
Perro Aguayo
57.1%
Mascara Sagrada
57.1%
Mascarita Sagrada
52.4%
Tinieblas Jr
52.4%
Mascarita Sagrada
52.4%
Latin Lover
52.4%
Latin Lover
52.4%
Mascarita Sagrada
52.4%
Tinieblas Jr
52.4%
Mascarita Sagrada
52.4%
Mascarita Sagrada
52.4%
Mascarita Sagrada
52.4%
Latin Lover
52.4%
Heavy Metal
47.6%
Super Calo
47.6%
Cien Caras
47.6%
Espectro Jr
47.6%
% Correct
Heavy Metal
47.6%
Cien Caras
47.6%
Miguel Perez Jr
47.6%
Scorpio Jr
47.6%
Cien Caras
47.6%
Espanto Jr
47.6%
Super Calo
47.6%
Miguel Perez Jr
47.6%
Cien Caras
47.6%
Super Calo
47.6%
Cien Caras
47.6%
Super Calo
47.6%
Karloff Lagarde Jr
47.6%
Cien Caras
47.6%
Heavy Metal
47.6%
Cien Caras
47.6%
Super Calo
47.6%
Lizmark
42.9%
Lizmark
42.9%
Lizmark
42.9%
Rey Misterio
38.1%
Rey Misterio
38.1%
Pirata Morgan
38.1%
Rey Misterio
38.1%
Mini Calo
38.1%
Raider Negro
38.1%
Raider Negro
38.1%
Halloween
38.1%
Blue Panther
33.3%
Blue Panther
33.3%
Blue Panther
33.3%
Blue Panther
33.3%
Blue Panther
33.3%
Blue Panther
33.3%
Jerry Estrada
28.6%
Winners
28.6%
Winners
28.6%
Jerry Estrada
28.6%
Winners
28.6%
Jerry Estrada
28.6%
Winners
28.6%
Winners
28.6%
Winners
28.6%
Jerry Estrada
28.6%
Jerrito Estrada
23.8%
Jerrito Estrada
23.8%
Fishman
23.8%
Jerrito Estrada
23.8%
Fishman
23.8%
Dragon de Oro
23.8%
Jerrito Estrada
23.8%
Raider Blanco
23.8%
Raider Blanco
23.8%
Jerrito Estrada
23.8%
Fishman
23.8%
Martha Villalobos
19%
May Flowers
19%
Volador
19%
Lola Gonzales
19%
Coco Amarillo
19%
Volador
19%
Tiger Mask III
19%
Coco Rojo
19%
Coco Verde
19%
Black Cat
19%
El Fantasma
19%
Volador
19%
Coco Rojo
19%
Coco Verde
19%
Coco Amarillo
19%
Tiger Mask III
19%
Black Cat
19%
May Flowers
19%
Volador
19%
Black Cat
19%
Coco Amarillo
19%
Coco Verde
19%
Coco Rojo
19%
Martha Villalobos
19%
Coco Rojo
19%
Irma Gonzales
19%
Coco Verde
19%
Coco Amarillo
19%
Espectrito II
19%
May Flowers
19%
Espectrito II
19%
Pantera Surena
14.3%
Wendy
14.3%
Vicky Caranza
14.3%
La Rosa
14.3%
El Satanico
14.3%
Universo 2000
14.3%
Pimpinela Escarlata
14.3%
El Solar
14.3%
El Satanico
14.3%
Universo 2000
14.3%
Payasito Rojo
14.3%
% Correct
Pimpinela Escarlata
14.3%
Raider Rojo
14.3%
Raider Verde
14.3%
Raider Rojo
14.3%
Raider Verde
14.3%
El Picudo
14.3%
Karis la Momia
14.3%
El Salsero
9.5%
Tony Arce
9.5%
Rudy Reyna
9.5%
Rocco Valente
9.5%
Baby Sharon
9.5%
Misterioso
9.5%
Vulcano
9.5%
Rambo
9.5%
Mascara Ano 2000
9.5%
Super Munequito
9.5%
Tony Arce
9.5%
Vulcano
9.5%
Rocco Valente
9.5%
Espectrito
9.5%
Misterioso
9.5%
Mascara Ano 2000
9.5%
El Mexicano
9.5%
Fantasma de la Quebrada
9.5%
Aullido
9.5%
Jushin Liger
9.5%
Espectrito
9.5%
Misterioso
9.5%
Gran Hamada
9.5%
Super Amigo
9.5%
Rambo
9.5%
Rudy Reyna
9.5%
Magnate
9.5%
Misterioso
9.5%
Mascara Ano 2000
9.5%
El Mexicano
9.5%
El Signo
9.5%
Negro Navarro
9.5%
Angel Mortal
9.5%
Mascara Ano 2000
9.5%
Espectrito I
9.5%
Angel Mortal
9.5%
La Parkita
9.5%
Payasito Azul
9.5%
Super Munequito
9.5%
Rocco Valente
9.5%
Super Munequito
9.5%
Tony Arce
9.5%
Vulcano
9.5%
La Parkita
9.5%
Espectrito I
9.5%
Mascara Ano 2000
9.5%
Super Munequito
9.5%
Espectro
9.5%
Espectrito
9.5%
Mascara Ano 2000
9.5%
Maniaco
9.5%
Octagonito
4.8%
Giro
4.8%
Colorado
4.8%
El Torero
4.8%
Maremoto
4.8%
Terremoto
4.8%
Marabunta
4.8%
Hectombre
4.8%
Angel Azteca
4.8%
El Plumo
4.8%
Depredator
4.8%
El Torero
4.8%
La Nazi
4.8%
Misionero
4.8%
Neftali
4.8%
La Sirenita
4.8%
Irma Aguilar
4.8%
El Torero
4.8%
Bandita
4.8%
Marabunta
4.8%
Torerito
4.8%
Octagonito
4.8%
Zafiro
4.8%
Brillante
4.8%
Diamante
4.8%
Perro Silva
4.8%
Mr Condor
4.8%
Torerito
4.8%
Marabunta
4.8%
Octagonito
4.8%
Raider Azur
4.8%
Angel Azteca
4.8%
Super Muneco
4.8%
Aguila de Acero
4.8%
Raider Azur
4.8%
El Duende
4.8%
Octagonito
4.8%

You're not logged in!

Compare scores with friends on all Sporcle quizzes.
OR
Log In

You Might Also Like...

Show Comments

Extras

Created Mar 20, 2015ReportNominate
Tags:AAA

Top Quizzes Today


Score Distribution

Your Account Isn't Verified!

In order to create a playlist on Sporcle, you need to verify the email address you used during registration. Go to your Sporcle Settings to finish the process.

Report this User

Report this user for behavior that violates our Community Guidelines.

Details: